00747nam a2200157 a 4500020001500000040000800015082002600023245003800049260010200087300003300189490006500222500017000287500007000457650003400527710002800561 a9024727650 cDLC a333 DIS 1983 C143 Or.10aEnvironmental impact assessment / aBoston :bM. Nijhoff ;aHingham, MA :bDistributors for the U.S. and Canada, Kluwer Boston,c1983 axii, 439 p. :bill. ;c25 cm1 aNATO ASI series. Series D, Behavioural and social sciences a"Proceedings of the NATO Advanced Study Institute on Environmental Impact Assessment, Chateau de Bonas, Toulouse, France, August 30 - September 12, 1981"--T.p. verso a"Published in cooperation with NATO Scientific Affairs Division." 0aEnvironmental impact analysis20aUniversity of Aberdeen.